Vanguardia, internacionalismo y política: arte argentino en los años sesenta
Gespeichert in:
| 1. Verfasser: | |
|---|---|
| Format: | Buch |
| Sprache: | Spanisch |
| Veröffentlicht: |
Buenos Aires
Paidós
2001
|
| Ausgabe: | 1a. ed |
| Schriftenreihe: | Espacios del Saber, 22
|
| Schlagworte: | |
| Tags: |
Tag hinzufügen
Keine Tags, Fügen Sie den ersten Tag hinzu!
|
MARC
| LEADER | 00000nam a2200000 a 4500 | ||
|---|---|---|---|
| 001 | UCI2993 | ||
| 003 | CL-VaPUC | ||
| 008 | 071005e20010000AG |||||||||||||||||spa|d | ||
| 020 | |a 9501265226 | ||
| 082 | 0 | 4 | |a 709.04 |b GIU |2 21 |
| 100 | |a Giunta, Andrea |e autor |9 602732 | ||
| 245 | 1 | 0 | |a Vanguardia, internacionalismo y política: arte argentino en los años sesenta |
| 250 | |a 1a. ed | ||
| 300 | |a 412 p | ||
| 942 | |c BK | ||
| 945 | |d 20071005 00:00:00 |a cmena | ||
| 260 | |a Buenos Aires |b Paidós |c 2001 | ||
| 650 | 0 | |a Historia del arte |9 314877 | |
| 650 | 0 | |a Arte |y Siglo 20 |9 267709 | |
| 650 | 0 | |a Arte argentino |9 360309 | |
| 650 | 0 | |a Crítica e interpretación |9 255042 | |
| 650 | 0 | |a Estilos artísticos |9 340996 | |
| 650 | 0 | |a Vanguardismo |9 455007 | |
| 651 | 0 | |a Argentina |9 254888 | |
| 583 | |a last modification |c 20071005 00:00:00 |k Rodrigo Vera | ||
| 490 | 0 | |a Espacios del Saber, 22 | |
| 999 | |c 327393 |d 327391 | ||
| 952 | |0 0 |1 0 |4 0 |6 709_040000000000000_GIU_2001 |7 0 |8 R |9 410182 |a BIBART |b BIBART |d 2019-11-22 |i 4337344 |l 4 |o 709.04 GIU 2001 |p 4337344 |r 2025-03-13 |s 2024-05-22 |w 2019-11-22 |y BK_R |k ART | ||